000 00492nam a2200181Ia 4500
001 16865
005 20260306170342.0
008 260306t2021||||xx |||||||||||||| ||und||
041 _aESP
082 _a657.2
_bE333V
100 _aEffio Pereda, Fernando,
_eAUT
245 0 _aValuación de los activos del estado de situación financiera en el contexto del Covid-19
260 _c2021
300 _a654 páginas :
_c24 cm.
650 _aGEN
654 _aCCO
942 _cLIB
_dJUS
_fJUS
_2ddc
_n
999 _c16865
_d16865